| 000 | 00653nam a2200217 a 4500 | ||
|---|---|---|---|
| 001 | ASIN189543162X | ||
| 005 | 20170105102926.0 | ||
| 008 | 131212s1993 xxu eng d | ||
| 020 | _a189543162X (paperback) | ||
| 020 | _a9781895431629 (paperback) | ||
| 040 | _a0 | ||
| 082 |
_a327.1 _bCHO 1993 |
||
| 100 | 1 | _aChomsky, Noam. | |
| 245 | 1 | 0 |
_aYear 501 / _cNoam Chomsky. _bTHE CONQUEST CONTINUES |
| 250 | _aFirst Edition. | ||
| 260 |
_a[S.l.] : _bThe Conquest Continues, _c1993. |
||
| 300 |
_a331 p. ; _c22 cm. |
||
| 500 | _aImport. | ||
| 856 | 4 | 0 |
_3Amazon.com _uhttp://www.amazon.com/exec/obidos/ASIN/189543162X/chopaconline-20 |
| 942 |
_2ddc _cBK |
||
| 999 |
_c15838 _d15838 |
||